[Event "Bekkestua op"]
[Site "Bekkestua"]
[Date "2023.08.04"]
[Round "4"]
[White "Brodtkorb, Lars Johan"]
[Black "Bjornstad, Hallvard Foss"]
[Result "1-0"]
[WhiteElo "2087"]
[BlackElo "1557"]
[PlyCount "83"]
[EventDate "2023.08.04"]
[EventType "swiss"]
[EventRounds "6"]
[EventCountry "NOR"]
[SourceTitle "EXT 2024"]
[Source "ChessBase"]
[SourceDate "2023.10.10"]
[SourceVersion "1"]
[SourceVersionDate "2023.10.10"]
[SourceQuality "1"]

1. Nf3 d5 2. d4 Nf6 3. c4 e6 4. Nc3 Bb4 5. e3 0-0 6. a3 Bxc3+ 7. bxc3 b6 8. cxd5 exd5 9. Bd3 c5 10. 0-0 Bg4 11. Re1 Ne4 12. Bb2 Qf6 13. h3 Bxf3 14. Qxf3 Qxf3 15. gxf3 Nf6 16. c4 dxc4 17. Bxc4 cxd4 18. Bxd4 Nbd7 19. Rac1 a6 20. Bd3 b5 21. Rc7 Rfc8 22. Rec1 Rxc7 23. Rxc7 Kf8 24. Bf5 Ke8 25. Rb7 Rc8 26. Ra7 Rc6 27. Bd3 Rc1+ 28. Kg2 Rc6 29. f4 h6 30. Kf3 Ke7 31. Bf5 Ke8 32. h4 h5 33. Bh3 Rd6 34. Bc3 Rc6 35. Bb4 Kd8 36. e4 Ng4 37. Kg3 Kc8 38. f3 Ngf6 39. e5 Kb8 40. Bxd7 Rc1 41. exf6 Kxa7 42. Bc5+ 1-0